| 000 | 01606 a2200253 4500 | ||
|---|---|---|---|
| 020 | _a0073660094 | ||
| 020 | _a0071121935 | ||
| 040 |
_aDLC _bDLC |
||
| 082 | 0 | 0 | _a621.31/042 |
| 082 | 0 | 0 | _a621.31042 |
| 100 | 1 | _aFitzgerald, A. E. | |
| 245 | 1 | 0 |
_aElectric machinery _cA. E. Fitzgerald, Charles Kingsley, Jr., Stephen D. Umans. |
| 250 | _a6th ed. | ||
| 260 |
_aBoston, Mass. : _bMcGraw-Hill, _cc2003. |
||
| 300 |
_axv, 688 p. : _bill. ; _c24 cm. |
||
| 440 | 0 | _aMcGraw-Hill series in electrical and computer engineering | |
| 505 | 0 | _aCh. 1. Magnetic Circuits and Magnetic Materials -- Ch. 2. Transformers -- Ch. 3. Electromechanical-Energy-Conversion Principles -- Ch. 4. Introduction to Rotating Machines -- Ch. 5. Synchronous Machines -- Ch. 6. Polyphase Induction Machines -- Ch. 7. DC Machines -- Ch. 8. Variable-Reluctance Machines and Stepping Motors -- Ch. 9. Single- and Two-Phase Motors -- Ch. 10. Introduction to Power Electronics -- Ch. 11. Speed and Torque Control -- App. A. Three-Phase Circuits -- App. B. Voltages, Magnetic Fields, and Inductances of Distributed AC Windings -- App. C. The dqO Transformation -- App. D. Engineering Aspects of Practical Electric Machine Performance and Operation -- App. E. Table of Constants and Conversion Factors for SI Units. | |
| 650 | 0 | _aElectric machinery. | |
| 700 | 1 |
_aKingsley, Charles, _d1904- |
|
| 700 | 1 | _aUmans, Stephen D. | |
| 856 | 4 | 2 |
_3Publisher description _uhttp://www.loc.gov/catdir/description/mh024/2002070988.html |
| 856 | 4 | 2 |
_3Table of contents _uhttp://www.loc.gov/catdir/toc/mh023/2002070988.html |
| 942 |
_cBK _k621.31042 FIT _2ddc |
||
| 999 |
_c4509 _d4509 |
||